000 00326nam a22001457a 4500
008 230324b ||||| |||| 00| 0 eng d
020 _a9780907845072
041 _aeng
080 _a61
082 _a61LEO
100 _a7
101 _aMJEKSI
245 _aEVOLUTIONARY ORIGINS OF MORALITY
_cLEONARD.D.K
942 _2udc
_cBK
999 _c59455
_d59455